000 00651nam a2200241Ia 4500
003 OSt
005 20220912151505.0
006 a|||||r|||| 00| 0
007 ta
008 220909b |||||||| |||| 00| 0 eng d
024 _a21112
037 _cTextual
040 _aCSL
_beng
_cCSL
041 _aeng
082 _aB2893, L61.1
100 _aPrekopa A Ed.
245 0 _aProgress in operations research
260 _aAmsterdam
_bNorth Holland
_c1976
300 _a498p.
_ccm.
490 _aColloquia mathematica societatis Janos bolyai; 12
942 _hB2893, L61.1
_cTEXL
_2CC
999 _c69787
_d69787